000 00665nam a2200217 i 4500
001 114567
003 ES-MaACL
005 20230906190206.0
007 t|
008 070309s1991 sp ||||1| spa d
020 _a84-606-0167-6
080 _a651.1(460)
100 1 _aDíaz-Plaja, Fernando,
_d1918-2012
_944396
245 1 3 _aEl español y su automovil /
_cFernando Díaz-Plaja ; ilustraciones Loriga.
260 _aMadrid :
_bDirección General de Tráfico,
_c[1991]
300 _a123 p. :
_bil. ;
_c24 cm.
650 1 4 _aTráfico-
_zEspaña.
_917614
700 1 _aLoriga.
_974211
852 _aES-MaACL
_jC-54231
_bR.138546
999 _c114567
_d114567